Visualizzazione normale
Vista MARC
- Brooks S.
di Personal Name
Records bibliografici associati: 1
001 - CONTROL NUMBER
- control field: 28314
003 - CONTROL NUMBER IDENTIFIER
- control field: IT-RoPau
005 - DATE AND TIME OF LATEST TRANSACTION
- control field: 20140603224118.0
008 - FIXED-LENGTH DATA ELEMENTS
- fixed length control field: 140603|| aca||aabn | a|a d
040 ## - CATALOGING SOURCE
- Original cataloging agency: IT-RoPau
- Transcribing agency: IT-RoPau
100 ## - HEADING--PERSONAL NAME
- Personal name: Brooks S.
- Miscellaneous information: Codice autore musica SPICS: 27883
- Relator term: Autore musica
- Name of part/section of a work: Some of These Days
670 ## - SOURCE DATA FOUND
- Source citation: Work cat.: (IT-RoPau)99323: AA.VV. 794, From Newport To Nice